000 00343nam a2200133Ia 4500
008 100328s9999 xx 000 0 und d
082 _b67194
100 _aनाईक गुरुनाथ.
245 _aसरताज.
260 _bनंदादीप.
630 _aसरताज.
730 _aसरताज.
942 _cBOOK
999 _c552933
_d552930